<?xml version="1.0" encoding="UTF-8"?>
<record
    xmlns:xsi="http://www.w3.org/2001/XMLSchema-instance"
    xsi:schemaLocation="http://www.loc.gov/MARC21/slim http://www.loc.gov/standards/marcxml/schema/MARC21slim.xsd"
    xmlns="http://www.loc.gov/MARC21/slim">

  <leader>01803nam a2200205Ia 4500</leader>
  <controlfield tag="001">b6584-47509 </controlfield>
  <controlfield tag="003">IT-MiCISF</controlfield>
  <controlfield tag="008">161014s9999||||xx |||||||||||||| ||und||</controlfield>
  <datafield tag="040" ind1=" " ind2=" ">
    <subfield code="a">IT-MiCISF</subfield>
    <subfield code="c">IT-MiCISF</subfield>
  </datafield>
  <datafield tag="041" ind1=" " ind2=" ">
    <subfield code="a">it</subfield>
  </datafield>
  <datafield tag="100" ind1=" " ind2=" ">
    <subfield code="a">De Mattei Roberto (a cura di)</subfield>
  </datafield>
  <datafield tag="245" ind1=" " ind2="0">
    <subfield code="a">Finis Vitae</subfield>
    <subfield code="b">La morte cerebrale &#xE8; ancora vita?</subfield>
  </datafield>
  <datafield tag="250" ind1=" " ind2=" ">
    <subfield code="a">1a ed.</subfield>
  </datafield>
  <datafield tag="260" ind1=" " ind2=" ">
    <subfield code="a"> Soveria Mannelli (CZ)</subfield>
    <subfield code="b">Rubbettino</subfield>
    <subfield code="c">2007</subfield>
  </datafield>
  <datafield tag="300" ind1=" " ind2=" ">
    <subfield code="a">pp. IX-481</subfield>
  </datafield>
  <datafield tag="500" ind1=" " ind2=" ">
    <subfield code="a">Armour J.A., Beckmann R., Bruskewitz F.W., Byrne P.A., De Mattei R., Evans D.W., Evers J.C., Galli Coimbra C., Hill D.J., Potts M., Seifert J., Shewmon D.A., Spaemann R., Waldstein W., Watanabe Y., Franklin Weber W., Weber R., Becchi P. / bioetica, morte, teoria, trapianti, magistero, legislazione / Nel 1968 un comitato dell'Harvard Medical School propose una ridefinizione del tradizionale concetto di morte, fondato sulla cessazione delle attivit&#xE0; cardio-polmonari. Secondo i nuovi criteri, per l'accertamento della morte sarebbe sufficiente un riscontro strettamente neurologico: la definitiva cessazione delle funzioni del cervello. Secondo alcuni studiosi, questi criteri neurologici, fatti propri da molti legislatori occidentali, sembrano aver perduto la loro giustificazione scientifica. Nel corso degli anni, hanno fatto la loro comparsa numerose evidenze cliniche, che hanno sollevato interrogativi di natura sia medico-biologica che etico-filosofica e giuridica. Mentre la discussione su questa materia in vari Paesi &#xE8; molto vivace, in Italia la questione non viene approfondita. La raccolta di studi pubblicati in questo volume intende fornire una ricostruzione di tale dibattito e suggerire una revisione del concetto di morte cerebrale.</subfield>
  </datafield>
  <datafield tag="650" ind1=" " ind2=" ">
    <subfield code="a"> Temi di bioetica / bioetica</subfield>
    <subfield code="e">011</subfield>
  </datafield>
  <datafield tag="942" ind1=" " ind2=" ">
    <subfield code="c">BK</subfield>
  </datafield>
  <datafield tag="957" ind1=" " ind2=" ">
    <subfield code="7">1</subfield>
  </datafield>
  <datafield tag="999" ind1=" " ind2=" ">
    <subfield code="a">47509</subfield>
    <subfield code="b">si</subfield>
    <subfield code="g">1</subfield>
    <subfield code="c">210445</subfield>
    <subfield code="d">210445</subfield>
  </datafield>
  <datafield tag="952" ind1=" " ind2=" ">
    <subfield code="0">0</subfield>
    <subfield code="1">0</subfield>
    <subfield code="4">0</subfield>
    <subfield code="6">B_658447509</subfield>
    <subfield code="7">1</subfield>
    <subfield code="a">CISF</subfield>
    <subfield code="b">CISF</subfield>
    <subfield code="d">2016-10-14</subfield>
    <subfield code="l">0</subfield>
    <subfield code="o">b6584-47509 </subfield>
    <subfield code="r">2016-10-14 00:00:00</subfield>
    <subfield code="w">2016-10-14</subfield>
    <subfield code="y">BK</subfield>
    <subfield code="z">Data import 15.10.2016 / by Epidotti, Vaglietti</subfield>
  </datafield>
</record>
